[Event "Perth op"]
[Site "Perth"]
[Date "2023.01.04"]
[Round "4"]
[White "Hare, Tim"]
[Black "Gao, Oscar"]
[Result "1-0"]
[WhiteElo "2017"]
[BlackElo "1727"]
[PlyCount "85"]
[EventDate "2023.01.02"]
[EventType "swiss"]
[EventRounds "11"]
[EventCountry "AUS"]
[SourceTitle "CBM 212 Extra"]
[Source "ChessBase"]
[SourceDate "2023.03.31"]
[SourceVersion "1"]
[SourceVersionDate "2023.03.31"]
[SourceQuality "1"]

1. Nf3 d5 2. g3 Nf6 3. Bg2 c5 4. d3 Nc6 5. c3 e6 6. 0-0 Be7 7. Nbd2 0-0 8. a3 Qc7 9. b4 b6 10. b5 Na5 11. c4 Bb7 12. Qc2 Nd7 13. Re1 d4 14. e3 Bf6 15. e4 e5 16. Nf1 g6 17. Bd2 a6 18. Bxa5 bxa5 19. a4 axb5 20. cxb5 c4 21. dxc4 Nc5 22. N1d2 Rfd8 23. Bf1 Rac8 24. Bd3 Bg7 25. Nb3 Nxd3 26. Qxd3 f5 27. Nfd2 Bf8 28. c5 Bxc5 29. Rac1 Qb6 30. Qc4+ Bd5 31. exd5 Ba3 32. Qxc8 Rxc8 33. Rxc8+ Kf7 34. Rc6 Qb8 35. Nc4 Bb4 36. Rxe5 d3 37. d6 Qd8 38. Rd5 f4 39. d7 fxg3 40. hxg3 d2 41. Nbxd2 Bxd2 42. Rxd2 Qe7 43. d8Q 1-0

[Event "Eastern Asia-ch U12"]
[Site "Tornelo INT"]
[Date "2021.10.30"]
[Round "5"]
[White "Gao, Oscar"]
[Black "Tran, Ngoc Minh Duy"]
[Result "1-0"]
[WhiteElo "1529"]
[BlackElo "1272"]
[PlyCount "203"]
[EventDate "2021.10.29"]
[EventType "swiss"]
[EventRounds "9"]
[EventCountry "NET"]
[SourceTitle "EXT 2023"]
[Source "ChessBase"]
[SourceDate "2022.10.05"]
[SourceVersion "1"]
[SourceVersionDate "2022.10.05"]
[SourceQuality "1"]

1. e4 c5 2. Nf3 Nc6 3. Bb5 g6 4. Bxc6 dxc6 5. d3 Bg7 6. Nc3 Nf6 7. h3 0-0 8. Be3 b6 9. 0-0 Qc7 10. Qd2 Rd8 11. Bh6 a5 12. Bxg7 Kxg7 13. a4 Rb8 14. Qe3 h6 15. Nd2 e5 16. f4 exf4 17. Qxf4 Qxf4 18. Rxf4 Be6 19. Rf2 Rd7 20. Nf3 Rbd8 21. Ne5 Rc7 22. Raf1 Ne8 23. Ne2 f6 24. Nf3 b5 25. Nf4 Bf7 26. Ra1 Ra7 27. Nh4 Nc7 28. Nf3 Ne6 29. Nxe6+ Bxe6 30. g4 c4 31. d4 bxa4 32. c3 Rb7 33. Rxa4 Rb5 34. Kf1 h5 35. Nh2 Rdb8 36. Ra2 hxg4 37. Nxg4 f5 38. Ne5 fxe4 39. Nxc6 Bxh3+ 40. Ke1 R8b6 41. Ne5 Be6 42. Rg2 Bd5 43. Kd1 Rf6 44. Ra4 e3 45. Rh2 Rf1+ 46. Ke2 Rxb2+ 47. Kxf1 Rxh2 48. Rxa5 Be4 49. Ra7+ Kf8 50. Nd7+ Ke7 51. Nc5+ Kf6 52. Nxe4+ Kf5 53. Nd6+ Kg4 54. Nxc4 e2+ 55. Ke1 g5 56. Re7 Rh3 57. Kd2 Kf4 58. Rxe2 g4 59. d5 g3 60. d6 Rh5 61. Ne3 Rh6 62. Nc4 Rh5 63. Re7 g2 64. Rg7 Rg5 65. Rxg5 Kxg5 66. d7 g1Q 67. d8Q+ Kf5 68. Ne3+ Ke6 69. Qd5+ Ke7 70. Qg2 Qa1 71. Kd3 Qa6+ 72. Nc4 Qb5 73. Qg7+ Ke6 74. Qg6+ Ke7 75. Qe4+ Kd8 76. Kd4 Qa6 77. Qd5+ Ke7 78. Qg5+ Kd7 79. Qg7+ Kd8 80. Qf8+ Kd7 81. Ne5+ Kc7 82. Qe7+ Kb8 83. Qd8+ Kb7 84. Qd7+ Kb8 85. Nc6+ Ka8 86. Qd8+ Kb7 87. Na5+ Ka7 88. Qc7+ Ka8 89. Qc6+ Qxc6 90. Nxc6 Kb7 91. Kc5 Kc7 92. c4 Kb7 93. Kd6 Kb6 94. c5+ Kb7 95. Ne7 Ka7 96. c6 Ka8 97. c7 Ka7 98. c8Q Kb6 99. Qc6+ Ka7 100. Qb5 Ka8 101. Kc7 Ka7 102. Qa5# 1-0

[Event "Wch FIDE Online U12 Asia qual"]
[Site "Tornelo INT"]
[Date "2020.12.13"]
[Round "6"]
[White "Gao, Oscar"]
[Black "Majidi, Seyed Mohammad Pars"]
[Result "1-0"]
[WhiteElo "1653"]
[BlackElo "1845"]
[PlyCount "53"]
[EventDate "2020.12.11"]
[EventType "swiss (rapid)"]
[EventRounds "7"]
[EventCountry "ISS"]
[SourceTitle "EXT 2022"]
[Source "ChessBase"]
[SourceDate "2021.10.06"]
[SourceVersion "1"]
[SourceVersionDate "2021.10.06"]
[SourceQuality "1"]

1. e4 c6 2. d4 d5 3. Nc3 dxe4 4. Nxe4 Bf5 5. Ng3 Bg6 6. h4 h6 7. h5 Bh7 8. Nf3 e6 9. Bd3 Bxd3 10. Qxd3 Nf6 11. Bd2 Nbd7 12. 0-0-0 Bd6 13. Ne4 Nxe4 14. Qxe4 Nf6 15. Qe2 0-0 16. Rdg1 c5 17. g4 Nd5 18. g5 hxg5 19. Bxg5 Qa5 20. Kb1 cxd4 21. Bh6 Kh7 22. Bxg7 Bf4 23. Qe4+ f5 24. Qxe6 Nf6 25. Bxf6 Rae8 26. Qd7+ Re7 27. Qxe7+ 1-0

[Event "Penang op 11th"]
[Site "Penang"]
[Date "2019.12.11"]
[Round "4"]
[White "Ismail, Ahmad"]
[Black "Gao, Oscar"]
[Result "1-0"]
[WhiteElo "1926"]
[BlackElo "1595"]
[PlyCount "104"]
[EventDate "2019.12.09"]
[EventType "swiss"]
[EventRounds "9"]
[EventCountry "MAS"]
[SourceTitle "CBM 193 Extra"]
[Source "ChessBase"]
[SourceDate "2020.01.31"]
[SourceVersion "1"]
[SourceVersionDate "2020.01.31"]
[SourceQuality "1"]

1. d4 Nf6 2. Nf3 e6 3. Bg5 Be7 4. Nbd2 d5 5. Bxf6 Bxf6 6. e4 c5 7. e5 Be7 8. c3 Nc6 9. Bb5 Qb6 10. Qa4 Bd7 11. Bxc6 Bxc6 12. Qb3 c4 13. Qxb6 axb6 14. 0-0 b5 15. a3 Kd7 16. Rac1 h5 17. Rfe1 g5 18. Nf1 g4 19. N3d2 h4 20. Ne3 Rag8 21. Ndf1 Bg5 22. Rc2 Bf4 23. g3 hxg3 24. fxg3 Bh6 25. Rf2 Rh7 26. Ng2 Ke7 27. Nf4 Bxf4 28. Rxf4 Be8 29. Ne3 Rhg7 30. Rf6 Rg6 31. Ref1 R6g7 32. R1f4 Kd7 33. Rh6 Kc6 34. Rh4 Kb6 35. Nxg4 Ka5 36. Nf6 Rf8 37. Rf2 Bc6 38. Rhf4 Ka4 39. R4f3 Kb3 40. g4 Be8 41. h4 Rh8 42. Rh2 Bc6 43. h5 Rg5 44. h6 b6 45. h7 Ka2 46. Rff2 Kb3 47. Kg2 b4 48. axb4 Ba4 49. Kg3 b5 50. Nd7 Rg7 51. Nc5+ Ka2 52. b3+ Kb1 1-0